000 00723nam a2200241 a 4500
001 BRCA_8282
005 20190320210218.0
008 120614s1957----mx-a###f##---#000-0#spa-#
041 _aspa
044 _amx
050 4 _aNK2444
_b.C37 2 1957
100 1 _aCarrillo y Galiel, Abelardo
_d1898-1976
_912045
245 1 0 _aEvolución del mueble en México
_cpor Abelardo Carrillo y Galiel.
260 _aMéxico
_bINAH
_c1957
300 _a166 p.
_bil.
_c23 cm.
440 0 _aDirección de Monumentos Coloniales
_v4
_920688
500 _aIncluye un anexo con ilustraciones de biombos
500 _aEjemplar igual a CFG38
500 _aS68
650 1 4 _aMuebles
_xHistoria
_zMéxico
_93569
902 _aGFM
942 _2lcc
_cB
999 _c7950
_d7950